Zoology: A comprehensive approach (Record no. 32615)

MARC details
000 -LEADER
fixed length control field 00461nam a2200169Ia 4500
008 - FIXED-LENGTH DATA ELEMENTS--GENERAL INFORMATION
fixed length control field 230917s9999||||xx |||||||||||||| ||und||
020 ## - ISBN
Price USD148
040 ## - CATALOGING SOURCE
-- 257613
Original cataloging agency VIVEKANANDA LIBRARY
041 ## - Language
-- English
082 ## - DDC NUMBER
Classification number 590 S49Z
100 ## - MAIN ENTRY--PERSONAL NAME
Personal name Stewart, Celeste, ed.
245 #0 - TITLE STATEMENT
Title Zoology: A comprehensive approach
260 ## - PUBLICATION, DISTRIBUTION, ETC. (IMPRINT)
Place of publication, distribution, etc New York
Name of publisher, distributor, etc Callisto Reference
Date of publication, distribution, etc 2019
300 ## - PHYSICAL DESCRIPTION
Pages vi, 215 p.
500 ## - GENERAL NOTE
General note 3588 19/08/2019 RBP19/76581 30/08/2019 Main Budget
942 ## - ADDED ENTRY ELEMENTS (KOHA)
Koha item type Books
Holdings
Withdrawn status Lost status Damaged status Not for loan Location (home branch) Sublocation or collection (holding branch) Date acquired Koha issues (times borrowed) Koha full call number Accession No. Koha date last seen Koha item type
        VIVEKANANDA LIBRARY VIVEKANANDA LIBRARY 11/10/2019   590 S49Z 384881 17/09/2023 Books
© Designed and Maintained by Vivekananda Library, MDU Rohtak